00401 2200157 4500001002100000008004100021035002000062245004100082260003200123300002000155020001800175084001700193082001100210650001000221990001200231INLIS000000000003007 ind  a0010-1024000155 aPrisoner of ur heartcIrin Sintriana aYogyakartabEAZY BOOKc2013 a248c13 x 19 cm a9786021974681 a808.83 IRI p a808.83 afiksi aDI.3623